[Event "Tata Steel Top Tienkamp"]
[Site "Wijk aan Zee NED"]
[Date "2025.01.28"]
[Round "5.3"]
[White "Smeets, Kobe"]
[Black "Beukema, Stefan"]
[Result "0-1"]
[WhiteTitle "FM"]
[BlackTitle "IM"]
[WhiteElo "2355"]
[BlackElo "2423"]
[WhiteFideId "1063910"]
[BlackFideId "1024523"]
[EventDate "2025.01.24"]

1. e4 e5 2. Nf3 Nc6 3. Bb5 a6 4. Ba4 Nf6 5. O-O Be7 6. d3 b5 7. Bb3 d6 8. a3 Be6
9. Nc3 Bxb3 10. cxb3 O-O 11. Be3 Nb8 12. d4 Nbd7 13. Qd3 c6 14. Rfd1 Qc7 15.
Rac1 Qb7 16. b4 Rac8 17. Ne2 Rc7 18. Ng3 g6 19. Bh6 Rfc8 20. Nh4 Ne8 21. Nf3 Bf6
22. dxe5 Nxe5 23. Nxe5 Bxe5 24. Rc2 c5 25. bxc5 Rxc5 26. Rcd2 Rc1 27. Rxc1 Rxc1+
28. Nf1 Nf6 29. Re2 Bxh2+ 30. Kxh2 Rxf1 31. Rc2 Ng4+ 32. Kg3 Rh1 33. Qd5 Qb8 34.
Bg5 Ne5 35. Bf6 Nc4 36. b3 Rh5 37. bxc4 Rxd5 38. cxd5 a5 39. e5 b4 40. axb4 axb4
41. Rc6 dxe5 42. d6 e4 43. Kh4 h5 44. g3 Qe8 45. Rb6 Kh7 46. Be7 Qd7 47. f3 exf3
48. Rxb4 f2 0-1

[Event "Tata Steel Top Tienkamp"]
[Site "Wijk aan Zee NED"]
[Date "2025.01.28"]
[Round "5.4"]
[White "Grutter, Tim"]
[Black "Holzke, Frank"]
[Result "1/2-1/2"]
[WhiteTitle "FM"]
[BlackTitle "GM"]
[WhiteElo "2380"]
[BlackElo "2426"]
[WhiteFideId "1057472"]
[BlackFideId "4600428"]
[EventDate "2025.01.24"]

1. e4 c5 2. Nf3 Nc6 3. Bb5 g6 4. O-O Bg7 5. Bxc6 dxc6 6. d3 Nf6 7. h3 O-O 8. Nc3
Qc7 9. Be3 b6 10. Nd2 Ne8 11. f4 Nd6 12. a4 f5 13. e5 Nf7 14. Nc4 Be6 15. a5 h6
16. Qf3 Kh7 17. Kh2 Rfd8 18. Rfe1 b5 19. Nd2 c4 20. dxc4 bxc4 21. Qf2 g5 22. g3
gxf4 23. gxf4 Nxe5 24. fxe5 Bxe5+ 25. Kh1 Bxc3 26. bxc3 Rg8 27. Bd4 Bd5+ 28. Nf3
Rg3 29. Rxe7+ Qxe7 30. Qxg3 f4 31. Qf2 Qe4 32. Re1 Qxf3+ 33. Qxf3 Bxf3+ 34. Kg1
a6 35. Re7+ Kg6 36. Rg7+ Kf5 37. Rf7+ Ke4 38. Kf2 Bd1 39. Re7+ Kd5 40. Rd7+ Ke4
41. Re7+ Kd5 42. Re5+ Kd6 43. Rf5 Re8 44. Rxf4 Bxc2 45. Rf7 c5 46. Be3 Re6 47.
Rb7 Kd5 48. Rc7 Ke4 49. Bxc5 Kd3 50. Bd4 Ba4 51. Rh7 1/2-1/2

[Event "Tata Steel Top Tienkamp"]
[Site "Wijk aan Zee NED"]
[Date "2025.01.28"]
[Round "5.5"]
[White "Zwirs, Nico"]
[Black "Slagboom, Leandro"]
[Result "0-1"]
[WhiteTitle "IM"]
[BlackTitle "FM"]
[WhiteElo "2476"]
[BlackElo "2369"]
[WhiteFideId "1036432"]
[BlackFideId "1065882"]
[EventDate "2025.01.24"]

1. Nf3 Nf6 2. d4 d5 3. e3 c5 4. Nbd2 cxd4 5. exd4 Qc7 6. Nb3 Bf5 7. c3 Nbd7 8.
g3 e6 9. Nh4 Be4 10. f3 Bg6 11. Bf4 Bd6 12. Bxd6 Qxd6 13. Qd2 O-O 14. Nxg6 hxg6
15. Bd3 a5 16. O-O a4 17. Nc1 e5 18. Ne2 Qb6 19. Rae1 e4 20. fxe4 dxe4 21. Bb1
Ne5 22. Rxf6 gxf6 23. Bxe4 Kg7 24. Nf4 Rae8 25. Rf1 Nc4 26. Qd3 Rxe4 27. Qxe4
Nd2 28. Qe7 Nxf1 29. Kxf1 Qb5+ 30. Qe2 Qd7 31. Qd3 Re8 32. d5 Qd6 33. b3 axb3
34. axb3 Qb6 35. b4 Kf8 36. Ne2 Re3 37. Qc4 Rf3+ 38. Ke1 Qf2+ 39. Kd1 Qe3 40.
Ke1 Qf2+ 41. Kd1 Qe3 42. Kc2 Rf2 43. Kd1 Rf1+ 44. Kc2 Re1 45. Qc8+ Kg7 46. Nd4
Qe4+ 47. Kb2 Qxd5 48. b5 Rf1 49. Qc7 Rf2+ 50. Ka3 b6 51. Qxb6 Ra2+ 52. Kb4 Rb2+
53. Ka5 Qa2# 0-1

[Event "Tata Steel Top Tienkamp"]
[Site "Wijk aan Zee NED"]
[Date "2025.01.29"]
[Round "6.1"]
[White "Beukema, Stefan"]
[Black "Tudor, Henry Edward"]
[Result "1/2-1/2"]
[WhiteTitle "IM"]
[BlackTitle "FM"]
[WhiteElo "2423"]
[BlackElo "2375"]
[WhiteFideId "1024523"]
[BlackFideId "2409836"]
[EventDate "2025.01.24"]

1. c4 Nf6 2. g3 e6 3. Bg2 d5 4. Nf3 Be7 5. O-O O-O 6. b3 d4 7. e3 c5 8. Ne5 Qc7
9. f4 Nbd7 10. Nd3 e5 11. Bb2 Bd6 12. Na3 a6 13. Nc2 Re8 14. fxe5 Nxe5 15. Nxe5
Bxe5 16. exd4 Bg4 17. Bf3 Bxf3 18. Qxf3 cxd4 19. Ne1 d3 20. Bxe5 Qxe5 21. Nxd3
Qd4+ 22. Kh1 b5 23. cxb5 axb5 24. Nf4 Ne4 25. Ng2 f6 26. Qf5 b4 27. d3 Nd2 28.
Qf4 Nxb3 29. Rab1 Qxf4 30. Rxf4 Nc5 31. d4 Ne6 32. Re4 Rxa2 33. Nf4 Kf7 34. Nxe6
Rxe6 35. Rxe6 Kxe6 36. Rxb4 h5 37. Rb5 g6 38. h3 Rd2 39. Rb6+ Kf7 40. Rb7+ Ke6
41. Rb6+ Kf7 42. Rb7+ Kf8 43. Rd7 g5 44. h4 Ke8 45. Rd5 gxh4 46. gxh4 Kf7 47.
Rxh5 Rxd4 48. Kg2 Kg6 49. Ra5 Rxh4 50. Kf3 Rb4 51. Rc5 Rb1 52. Ra5 Rf1+ 53. Kg4
f5+ 54. Kg3 Rb1 55. Ra8 Rb3+ 56. Kf4 Rb4+ 57. Kf3 Kf6 58. Rf8+ Ke6 59. Re8+ Kf7
60. Ra8 Rc4 61. Ra6 Re4 62. Ra8 Re8 63. Rxe8 Kxe8 64. Kf4 Kf7 65. Kxf5 1/2-1/2

[Event "Tata Steel Top Tienkamp"]
[Site "Wijk aan Zee NED"]
[Date "2025.01.29"]
[Round "6.2"]
[White "Zwirs, Nico"]
[Black "Sofronie, Iulian"]
[Result "1/2-1/2"]
[WhiteTitle "IM"]
[BlackTitle "IM"]
[WhiteElo "2476"]
[BlackElo "2380"]
[WhiteFideId "1036432"]
[BlackFideId "1202936"]
[EventDate "2025.01.24"]

1. e4 e5 2. Nf3 Nc6 3. Bc4 Nf6 4. d3 h6 5. O-O d6 6. c3 g5 7. a4 Bg7 8. a5 a6 9.
Nbd2 O-O 10. h3 Ne7 11. Re1 Ng6 12. d4 g4 13. hxg4 Nxg4 14. Nf1 Be6 15. Bd3 Kh8
16. Ng3 Nh4 17. d5 Bd7 18. Nd2 Rg8 19. Ndf1 Bf8 20. c4 Ng6 21. Qf3 Qh4 22. Nf5
Bxf5 23. exf5 Nf4 24. Bxf4 exf4 25. Qxf4 Bg7 26. g3 Be5 27. Qe4 Qh5 28. Re2 Rae8
29. f6 Nxf6 30. Qh1 Qxh1+ 31. Kxh1 Bd4 32. Rd2 Bc5 33. Kg2 Ng4 34. b3 Re5 35.
Nh2 Nxh2 36. Kxh2 Rge8 37. Kg2 Kg7 38. Kf1 Bb4 39. Re2 Rxe2 40. Bxe2 Kf6 41. Ra4
Bc3 42. Ra2 Kg5 43. Kg2 Bxa5 44. Bd3 Bc3 45. f4+ Kf6 46. Re2 Rxe2+ 47. Bxe2 Ke7
48. Kf3 Be1 49. g4 f5 50. Bd3 fxg4+ 51. Kxg4 Bd2 52. Bf5 Kd8 53. Be4 b6 54. Bf5
Ke7 55. Bc8 a5 56. Kf5 Bc1 57. Ba6 h5 1/2-1/2

[Event "Tata Steel Top Tienkamp"]
[Site "Wijk aan Zee NED"]
[Date "2025.01.29"]
[Round "6.3"]
[White "Panesar, Vedant"]
[Black "Smeets, Kobe"]
[Result "1-0"]
[WhiteTitle "FM"]
[BlackTitle "FM"]
[WhiteElo "2446"]
[BlackElo "2355"]
[WhiteFideId "35033018"]
[BlackFideId "1063910"]
[EventDate "2025.01.24"]

1. e4 e5 2. Nf3 Nc6 3. Bc4 Nf6 4. d3 Bc5 5. O-O d6 6. c3 a5 7. Re1 Ba7 8. Bg5 h6
9. Bh4 g5 10. Bg3 Qe7 11. Nbd2 Bg4 12. Qb3 Bb6 13. h3 Bd7 14. d4 O-O 15. Nf1 Nh5
16. Ne3 Ba7 17. Nd5 Qd8 18. Bh2 exd4 19. cxd4 Nxd4 20. Nxd4 Bxd4 21. Qd1 Bxb2
22. Rb1 c6 23. Ne3 Bc3 24. Qxh5 Bxe1 25. Qg6+ Kh8 26. Qxh6+ Kg8 27. Rxe1 b5 28.
Nf5 Bxf5 29. exf5 Re8 30. Qg6+ Kh8 31. Qh5+ Kg7 32. Qxf7+ Kh8 33. Qh5+ Kg7 34.
Qg6+ Kh8 35. Qh6# 1-0

[Event "Tata Steel Top Tienkamp"]
[Site "Wijk aan Zee NED"]
[Date "2025.01.29"]
[Round "6.4"]
[White "Slagboom, Leandro"]
[Black "Holzke, Frank"]
[Result "1-0"]
[WhiteTitle "FM"]
[BlackTitle "GM"]
[WhiteElo "2369"]
[BlackElo "2426"]
[WhiteFideId "1065882"]
[BlackFideId "4600428"]
[EventDate "2025.01.24"]

1. e4 e5 2. Nf3 Nc6 3. Bc4 Nf6 4. Ng5 d5 5. exd5 Na5 6. Bb5+ Bd7 7. Qe2 Be7 8.
Nf3 Nxd5 9. Bxd7+ Qxd7 10. Nxe5 Qe6 11. Nd3 Qd7 12. Ne5 Qe6 13. Nd3 Qd7 14. Nc3
O-O-O 15. O-O Rhe8 16. Qh5 Nc6 17. Rb1 Nf6 18. Qb5 a6 19. Qa4 Bd6 20. h3 Qf5 21.
b4 Bf8 22. Nd1 Nd4 23. Ne3 Ne2+ 24. Kh2 Rxe3 25. dxe3 Ng4+ 26. hxg4 Qxg4 27. g3
Bd6 28. Nf4 Nc3 29. Qb3 Nxb1 30. f3 Qf5 31. Qxb1 g5 32. e4 Qb5 33. Nd3 g4 34.
fxg4 h5 35. Qb3 hxg4 36. Qxf7 Kb8 37. Bf4 Qc6 38. Bxd6 cxd6 39. Qf6 Qxc2+ 40.
Rf2 Qc7 41. Kg2 Re8 1-0

[Event "Tata Steel Top Tienkamp"]
[Site "Wijk aan Zee NED"]
[Date "2025.01.29"]
[Round "6.5"]
[White "Lohia, Sohum"]
[Black "Grutter, Tim"]
[Result "0-1"]
[WhiteTitle "FM"]
[BlackTitle "FM"]
[WhiteElo "2367"]
[BlackElo "2380"]
[WhiteFideId "5819369"]
[BlackFideId "1057472"]
[EventDate "2025.01.24"]

1. e4 e5 2. Nf3 Nc6 3. Bb5 a6 4. Ba4 Nf6 5. O-O d6 6. Re1 Bd7 7. c3 g6 8. d4 Bg7
9. h3 O-O 10. Bc2 Re8 11. Nbd2 a5 12. Nf1 a4 13. Ng3 h6 14. Be3 a3 15. b3 exd4
16. cxd4 Nb4 17. Bd2 Nxc2 18. Qxc2 Bc6 19. d5 Bd7 20. Rad1 c6 21. dxc6 Bxc6 22.
Bf4 Qc8 23. Qc4 d5 24. exd5 Rxe1+ 25. Nxe1 Nxd5 26. Rxd5 Bxd5 27. Qxd5 Qc3 28.
Bd2 Qa1 29. b4 Re8 30. Kf1 Qd1 31. Qb5 Re5 32. Qxb7 Qxd2 33. Ne4 Qxa2 34. Nd3
Qb1+ 35. Ke2 Rxe4+ 36. Qxe4 a2 37. Qe8+ Kh7 0-1

[Event "Tata Steel Top Tienkamp"]
[Site "Wijk aan Zee NED"]
[Date "2025.01.31"]
[Round "7.1"]
[White "Tudor, Henry Edward"]
[Black "Panesar, Vedant"]
[Result "1/2-1/2"]
[WhiteTitle "FM"]
[BlackTitle "FM"]
[WhiteElo "2375"]
[BlackElo "2446"]
[WhiteFideId "2409836"]
[BlackFideId "35033018"]
[EventDate "2025.01.24"]

1. d4 Nf6 2. c4 g6 3. Nc3 Bg7 4. e4 d6 5. Nf3 O-O 6. Be2 e5 7. Be3 c6 8. d5 Ng4
9. Bg5 f6 10. Bc1 Na6 11. h3 Nh6 12. h4 Ng4 13. Ng1 f5 14. exf5 gxf5 15. Bxg4
fxg4 16. Nge2 e4 17. Nxe4 Bf5 18. N4g3 Bd7 19. O-O Qxh4 20. dxc6 Bxc6 21. Nd4
Be5 22. Nxc6 bxc6 23. Be3 Rf5 24. Re1 Bxg3 25. fxg3 Qxg3 26. Qd4 Rf7 27. Bf2 Qf4
28. Re4 Qf6 29. Rxg4+ Kf8 30. Bg3 Qxd4+ 31. Rxd4 d5 32. cxd5 cxd5 33. Rxd5 Nc7
34. Bd6+ Kg7 35. Rg5+ Kh6 36. Rg3 Re8 37. Bc5 Nd5 38. Rd1 Re5 39. Bd4 Re2 40.
Rc1 Rf4 41. Rd1 Rf5 42. a4 a5 43. b3 Re4 44. Bb2 Nf4 45. Bc1 Kh5 46. Bxf4 Rexf4
47. Rd7 Rf7 48. Rdd3 Kh6 49. Rg8 R7f5 50. g4 Rf1+ 51. Kg2 R5f2+ 52. Kg3 Rf3+ 53.
Rxf3 Rxf3+ 54. Kh4 Rh3+ 55. Kxh3 1/2-1/2

[Event "Tata Steel Top Tienkamp"]
[Site "Wijk aan Zee NED"]
[Date "2025.01.31"]
[Round "7.2"]
[White "Grutter, Tim"]
[Black "Beukema, Stefan"]
[Result "1-0"]
[WhiteTitle "FM"]
[BlackTitle "IM"]
[WhiteElo "2380"]
[BlackElo "2423"]
[WhiteFideId "1057472"]
[BlackFideId "1024523"]
[EventDate "2025.01.24"]

1. e4 e5 2. Nf3 Nc6 3. Bb5 a6 4. Ba4 Nf6 5. O-O d6 6. Re1 Bd7 7. Bxc6 Bxc6 8.
Nc3 b5 9. d4 Nd7 10. Nd5 Bb7 11. Bg5 Qc8 12. c3 h6 13. Bh4 c6 14. Ne3 g6 15. Qd2
Qc7 16. Rad1 Bg7 17. Qc1 f6 18. Qc2 O-O 19. Bg3 Rf7 20. Nh4 Nf8 21. a4 h5 22. h3
Re8 23. b4 Bc8 24. c4 exd4 25. Rxd4 f5 26. Bxd6 Qd8 27. Be5 Qxh4 28. exf5 Qg5
29. h4 Qh6 30. fxg6 Nxg6 31. Bxg7 Qxg7 32. Red1 bxa4 33. Rd8 Rff8 34. Rxe8 Rxe8
35. Qxa4 Ne5 36. Qa5 Qf6 37. b5 Rf8 38. Rd2 Qg6 39. Rd8 cxb5 40. Rxf8+ Kxf8 41.
Qb4+ Kg8 42. cxb5 a5 43. Qc3 Nf3+ 44. Kf1 Qb1+ 45. Ke2 Ng1+ 46. Kd2 Qa2+ 47. Qc2
Qxc2+ 48. Nxc2 Kf7 49. Ke1 Ke6 50. Kf1 Nh3 51. gxh3 Kd5 52. Ke2 Kc5 53. Na3 Kb4
54. Nc2+ Kxb5 55. Kd2 Kc4 56. Ne3+ Kd4 57. Nf1 Bf5 58. Ng3 Bd3 59. Nxh5 a4 60.
Nf4 Bc4 61. h5 a3 62. Kc2 Bg8 63. h6 Ke4 64. Ng6 Kf3 65. Ne5+ Kxf2 66. Ng4+ Kg3
67. Nf6 Be6 68. Ne4+ Kf4 69. h7 Bxh3 70. h8=Q Bf5 71. Kb3 Bxe4 72. Kxa3 Ke3 73.
Kb4 Bd3 74. Kc3 Be4 75. Qe5 Kf3 76. Kd4 Bc2 77. Qe3+ Kg4 78. Qe2+ 1-0

[Event "Tata Steel Top Tienkamp"]
[Site "Wijk aan Zee NED"]
[Date "2025.01.31"]
[Round "7.3"]
[White "Sofronie, Iulian"]
[Black "Slagboom, Leandro"]
[Result "0-1"]
[WhiteTitle "IM"]
[BlackTitle "FM"]
[WhiteElo "2380"]
[BlackElo "2369"]
[WhiteFideId "1202936"]
[BlackFideId "1065882"]
[EventDate "2025.01.24"]

1. d4 Nf6 2. Nc3 e6 3. Bf4 Bb4 4. e3 d5 5. Ne2 O-O 6. a3 Be7 7. h3 c5 8. g4 Nc6
9. Bg2 a6 10. O-O Bd7 11. Bg3 Rc8 12. dxc5 Bxc5 13. b4 Ba7 14. e4 d4 15. e5 Nxg4
16. hxg4 dxc3 17. Qd3 Be8 18. Rad1 Qg5 19. Nxc3 Nd4 20. Rfe1 Bc6 21. Bxc6 Rxc6
22. Kg2 Qxg4 23. Ne4 h5 24. Rh1 Nf5 25. Nd6 Rxd6 26. exd6 h4 27. d7 Rd8 28. Rh3
hxg3 29. Rdh1 gxf2+ 30. Kf1 Qg1+ 31. Ke2 f1=Q+ 0-1

[Event "Tata Steel Top Tienkamp"]
[Site "Wijk aan Zee NED"]
[Date "2025.01.31"]
[Round "7.4"]
[White "Smeets, Kobe"]
[Black "Zwirs, Nico"]
[Result "1-0"]
[WhiteTitle "FM"]
[BlackTitle "IM"]
[WhiteElo "2355"]
[BlackElo "2476"]
[WhiteFideId "1063910"]
[BlackFideId "1036432"]
[EventDate "2025.01.24"]

1. e4 e5 2. Nf3 Nc6 3. Bb5 a6 4. Ba4 Nf6 5. O-O Be7 6. Re1 b5 7. Bb3 d6 8. a4
Bd7 9. Nc3 Na5 10. Ba2 b4 11. Nd5 Nxd5 12. exd5 O-O 13. d4 exd4 14. Nxd4 Bf6 15.
Ne6 fxe6 16. dxe6 b3 17. cxb3 Kh8 18. exd7 Nc6 19. Bb1 Ne5 20. Re3 g6 21. Rh3
Bg5 22. Bxg6 Nxg6 23. Rxh7+ Kxh7 24. Qh5+ Kg7 25. Bxg5 Rh8 26. Bxd8 Rxh5 27.
Bxc7 Rhh8 28. f4 Rhd8 29. Bxd8 Rxd8 30. g3 Rxd7 31. Rd1 Kf6 32. Kf2 Ke6 33. h4
Rc7 34. Rd2 Rc1 35. Kf3 d5 36. Kg4 Ne7 37. Kg5 Rc8 38. f5+ Kf7 39. g4 Rb8 40.
Rd3 Rb4 41. Rc3 Rb8 42. Rd3 Rb4 43. h5 d4 44. h6 Nc6 45. Kf4 Rb8 46. g5 Rd8 47.
g6+ Kf6 48. g7 Kf7 49. f6 Nb4 50. h7 Nxd3+ 51. Kg5 Nc5 52. h8=Q Ne6+ 53. Kf5
Rd5+ 54. Ke4 Rd8 55. Ke5 d3 56. Qh5+ Kg8 57. Kxe6 1-0

[Event "Tata Steel Top Tienkamp"]
[Site "Wijk aan Zee NED"]
[Date "2025.01.31"]
[Round "7.5"]
[White "Holzke, Frank"]
[Black "Lohia, Sohum"]
[Result "1/2-1/2"]
[WhiteTitle "GM"]
[BlackTitle "FM"]
[WhiteElo "2426"]
[BlackElo "2367"]
[WhiteFideId "4600428"]
[BlackFideId "5819369"]
[EventDate "2025.01.24"]

1. e4 e5 2. Nf3 Nc6 3. Bb5 a6 4. Ba4 f5 5. d4 exd4 6. e5 b5 7. Bb3 Bb7 8. c3 Na5
9. Bxg8 Rxg8 10. cxd4 Nc4 11. O-O Nb6 12. Re1 Qe7 13. e6 dxe6 14. Ng5 O-O-O 15.
Nxe6 Re8 16. Nc3 Qd7 17. Nxf8 Rxe1+ 18. Qxe1 Rxf8 19. Bf4 Re8 20. Qd1 g5 21. Be5
Nc4 22. f3 Nxb2 23. Qb3 Nd3 24. Rd1 Nxe5 25. dxe5 Qe6 26. Re1 Qxb3 27. axb3 Kd7
28. Kf2 c5 29. h4 gxh4 30. Rd1+ Kc7 31. Nd5+ Bxd5 32. Rxd5 Kb6 33. Ke3 c4 34.
bxc4 bxc4 35. Kd4 Rg8 36. e6 Kc6 37. Kxc4 Rxg2 38. Rxf5 Kd6 39. Rh5 Kxe6 40.
Rxh4 Rg7 41. Rh6+ Kf5 42. Rxa6 Rd7 43. Ra8 Kf4 44. Rf8+ Kg3 45. Rf5 Kh4 46. Rf4+
Kg3 47. Rf5 h6 48. Kc3 Rd1 49. Kc2 Rh1 50. Kd2 h5 51. Ke2 h4 52. Rg5+ Kf4 53.
Rg4+ Kf5 54. Kf2 h3 1/2-1/2

[Event "Tata Steel Top Tienkamp"]
[Site "Wijk aan Zee NED"]
[Date "2025.02.01"]
[Round "8.1"]
[White "Sofronie, Iulian"]
[Black "Smeets, Kobe"]
[Result "1-0"]
[WhiteTitle "IM"]
[BlackTitle "FM"]
[WhiteElo "2380"]
[BlackElo "2355"]
[WhiteFideId "1202936"]
[BlackFideId "1063910"]
[EventDate "2025.01.24"]

1. d4 d5 2. Bf4 Nf6 3. e3 c5 4. Nc3 cxd4 5. exd4 Bg4 6. f3 Bd7 7. Nb5 Bxb5 8.
Bxb5+ Nc6 9. c3 e6 10. Ne2 Bd6 11. O-O O-O 12. Re1 Qc7 13. Bxd6 Qxd6 14. Nc1 Ne7
15. Bd3 Rfc8 16. Qe2 Ng6 17. g3 Rc7 18. a4 Ne7 19. Bc2 Nc8 20. Nd3 Qd8 21. Qg2
Nd6 22. g4 Rb8 23. Re2 Nc4 24. h4 b5 25. a5 Rcc8 26. b4 Nd7 27. g5 Qc7 28. f4 g6
29. Qf3 Kg7 30. h5 Rh8 31. h6+ Kf8 32. Nc5 Nxc5 33. dxc5 Ke7 34. Rd1 Kd7 35. f5
Rhf8 36. Qg4 Qc6 37. fxg6 fxg6 38. Bd3 Rf7 39. Bxc4 bxc4 40. Re5 Rf5 41. Rxf5
gxf5 42. Qd4 Rg8 43. Qf6 Rg6 44. Qf7+ Kc8 45. Qf8+ Kd7 46. Kf2 Qc7 47. Qf7+ Kc8
48. Qe8+ Kb7 49. Kf3 Rxg5 50. a6+ Kxa6 51. Qxe6+ Kb5 52. Qe8+ Ka6 53. b5+ Kb7
54. c6+ Kb6 55. Qe3+ Kxb5 56. Qxg5 Qxc6 57. Rb1+ Ka6 58. Qe7 d4+ 59. Kf2 1-0

[Event "Tata Steel Top Tienkamp"]
[Site "Wijk aan Zee NED"]
[Date "2025.02.01"]
[Round "8.3"]
[White "Panesar, Vedant"]
[Black "Grutter, Tim"]
[Result "1-0"]
[WhiteTitle "FM"]
[BlackTitle "FM"]
[WhiteElo "2446"]
[BlackElo "2380"]
[WhiteFideId "35033018"]
[BlackFideId "1057472"]
[EventDate "2025.01.24"]

1. d4 Nf6 2. c4 g6 3. Nc3 Bg7 4. e4 d6 5. Be2 O-O 6. Be3 Nc6 7. d5 Ne5 8. f4
Neg4 9. Bd2 Nh6 10. Nf3 c6 11. a4 e6 12. dxe6 Bxe6 13. O-O Nd7 14. Ng5 a5 15. g4
Nc5 16. f5 Bd7 17. Nh3 f6 18. Nf4 gxf5 19. exf5 Qb6 20. Be3 Rae8 21. Bf2 Qc7 22.
Qc2 Nf7 23. Nh5 Ng5 24. Bd4 Nce4 25. Bd3 Nxc3 26. Bxc3 Re3 27. Bd4 Rh3 28. Qd2
h6 29. Nf4 Nf3+ 30. Rxf3 Rxf3 31. Kg2 Rxd3 32. Qxd3 Re8 33. Nh5 Qd8 34. Bc3 Qe7
35. Rd1 c5 36. Re1 Qf7 37. Rxe8+ Bxe8 38. b3 Bc6+ 39. Kf2 d5 40. Bxa5 dxc4 41.
bxc4 Bxa4 42. Qd8+ Kh7 43. Bc3 Be8 44. Nxf6+ Bxf6 45. Qxf6 Qxf6 46. Bxf6 Bf7 47.
Be7 Bxc4 48. Bxc5 h5 49. h3 b5 50. Kg3 Bd3 51. Kh4 hxg4 52. hxg4 Kg7 53. Kg5 Kf7
54. Kf4 Be2 55. g5 Bh5 56. Ke5 Kg7 57. Ke6 Be8 58. Bd4+ Kh7 59. Bc3 Bh5 60. Kf6
Be2 61. Bd2 Bd3 62. g6+ Kg8 63. Bb4 Bc2 64. Kg5 Bb3 65. f6 Ba2 66. Kf4 Bb3 67.
Ke5 Ba2 68. Kd6 Bb1 69. f7+ 1-0

[Event "Tata Steel Top Tienkamp"]
[Site "Wijk aan Zee NED"]
[Date "2025.02.01"]
[Round "8.4"]
[White "Slagboom, Leandro"]
[Black "Lohia, Sohum"]
[Result "1/2-1/2"]
[WhiteTitle "FM"]
[BlackTitle "FM"]
[WhiteElo "2369"]
[BlackElo "2367"]
[WhiteFideId "1065882"]
[BlackFideId "5819369"]
[EventDate "2025.01.24"]

1. c4 Nf6 2. Nc3 e6 3. e4 c5 4. e5 Ng8 5. d4 cxd4 6. Qxd4 Nc6 7. Qf4 d6 8. Nf3
Nh6 9. h4 dxe5 10. Nxe5 Bd6 11. Nxc6 Bxf4 12. Nxd8 Bxc1 13. Rxc1 Kxd8 14. Rd1+
Ke7 15. Rh3 Bd7 16. Rhd3 Rhd8 17. Ne4 Bc6 18. Nd6 f6 19. h5 g6 20. c5 Nf7 21.
Nxf7 Rxd3 22. Rxd3 Kxf7 23. Rd6 gxh5 24. g3 Ke7 25. Be2 Rc8 26. Rd2 h4 27. gxh4
Rg8 28. Rd4 e5 29. Rg4 Rxg4 30. Bxg4 Bd7 31. Bf3 Bc6 32. Bg4 Bd7 33. Bf3 1/2-1/2

[Event "Tata Steel Top Tienkamp"]
[Site "Wijk aan Zee NED"]
[Date "2025.02.01"]
[Round "8.5"]
[White "Zwirs, Nico"]
[Black "Tudor, Henry Edward"]
[Result "0-1"]
[WhiteTitle "IM"]
[BlackTitle "FM"]
[WhiteElo "2476"]
[BlackElo "2375"]
[WhiteFideId "1036432"]
[BlackFideId "2409836"]
[EventDate "2025.01.24"]

1. e4 c5 2. Nf3 d6 3. d4 cxd4 4. Nxd4 Nf6 5. Nc3 a6 6. f3 e6 7. Be3 b5 8. a3 h5
9. Qd2 Nbd7 10. O-O-O Bb7 11. Kb1 Rc8 12. Rg1 Be7 13. Be2 Ne5 14. Bg5 Nc4 15.
Bxc4 Rxc4 16. Rge1 Qc7 17. Ndxb5 axb5 18. Nxb5 Qb6 19. Nxd6+ Bxd6 20. Qxd6 Qxd6
21. Rxd6 O-O 22. b3 Rc7 23. Kb2 Rfc8 24. c4 Ne8 25. Rd2 Bc6 26. Red1 f6 27. Be3
Rb7 28. Kc3 Rcb8 29. Rb1 Kf7 30. Bc5 e5 31. Bb4 Rc8 32. Rbd1 Nc7 33. Rd8 Rxd8
34. Rxd8 Ne6 35. Rd2 Rd7 36. Bd6 h4 37. h3 Ng5 38. c5 Bxe4 39. b4 Bc6 40. Ra2
Ra7 41. Bb8 Ra8 42. Bc7 Ne6 43. Bb6 g5 44. Kc4 Nd4 45. Ba5 Ke6 46. Rd2 Bd5+ 47.
Kc3 Nc6 0-1

[Event "Tata Steel Top Tienkamp"]
[Site "Wijk aan Zee NED"]
[Date "2025.02.02"]
[Round "9.1"]
[White "Grutter, Tim"]
[Black "Zwirs, Nico"]
[Result "1/2-1/2"]
[WhiteTitle "FM"]
[BlackTitle "IM"]
[WhiteElo "2380"]
[BlackElo "2476"]
[WhiteFideId "1057472"]
[BlackFideId "1036432"]
[EventDate "2025.01.24"]

1. e4 c5 2. Nf3 d6 3. Nc3 Nf6 4. e5 dxe5 5. Nxe5 Bd7 6. Nxd7 Qxd7 7. d3 Nc6 8.
g3 g6 9. Bg2 Bg7 10. O-O h5 11. Bg5 Rc8 12. Qd2 O-O 13. Rad1 b6 14. Rfe1 Rfe8
15. Qc1 Rcd8 16. Ne4 Nxe4 17. Bxe4 Nd4 18. c3 Ne6 19. Bh6 Nf8 20. Bxg7 Kxg7 21.
d4 cxd4 22. Rxd4 Qc7 23. Red1 Rxd4 24. Rxd4 Ne6 25. Rd1 Nc5 26. Bd5 Rd8 27. b4
Nd7 28. c4 Nf6 29. Bf3 Rc8 30. Be2 Qe5 31. Bf1 a5 32. a3 axb4 33. axb4 Rc7 34.
Qa3 h4 35. Rc1 hxg3 36. hxg3 Qd4 37. Qf3 1/2-1/2

[Event "Tata Steel Top Tienkamp"]
[Site "Wijk aan Zee NED"]
[Date "2025.02.02"]
[Round "9.2"]
[White "Smeets, Kobe"]
[Black "Slagboom, Leandro"]
[Result "1-0"]
[WhiteTitle "FM"]
[BlackTitle "FM"]
[WhiteElo "2355"]
[BlackElo "2369"]
[WhiteFideId "1063910"]
[BlackFideId "1065882"]
[EventDate "2025.01.24"]

1. e4 e6 2. d4 d5 3. Nc3 Bb4 4. e5 c5 5. a3 Bxc3+ 6. bxc3 Qa5 7. Bd2 Qa4 8. h4
Nc6 9. Qg4 g6 10. Nf3 h6 11. Bd3 Bd7 12. Qf4 c4 13. Be2 Rh7 14. O-O O-O-O 15.
Rfb1 Rf8 16. Ra2 b6 17. Nh2 g5 18. Qg3 f6 19. exf6 Nxf6 20. Bf3 Rg8 21. Ng4 Ne8
22. h5 Rf8 23. Re1 Ne7 24. Ne5 Nf5 25. Qh3 Ned6 26. Ng6 Rf6 27. g4 Nh4 28. Nxh4
gxh4 29. Bg2 Rf8 30. f3 Qa5 31. Qxh4 Rg8 32. Qf6 Ne8 33. Qe5 Kb7 34. a4 Ka6 35.
Rb1 Kb7 36. Bf4 Kc6 37. Qb8 Qa6 38. a5 b5 39. Rab2 Qb7 40. Rxb5 1-0

[Event "Tata Steel Top Tienkamp"]
[Site "Wijk aan Zee NED"]
[Date "2025.02.02"]
[Round "9.3"]
[White "Lohia, Sohum"]
[Black "Beukema, Stefan"]
[Result "1-0"]
[WhiteTitle "FM"]
[BlackTitle "IM"]
[WhiteElo "2367"]
[BlackElo "2423"]
[WhiteFideId "5819369"]
[BlackFideId "1024523"]
[EventDate "2025.01.24"]

1. e4 e5 2. Nf3 Nc6 3. Bb5 a6 4. Ba4 Nf6 5. O-O d6 6. Re1 Bd7 7. c4 Bg4 8. d4 b5
9. cxb5 Nxd4 10. bxa6+ Nd7 11. Be3 Bxf3 12. gxf3 Qf6 13. Bxd4 exd4 14. Bxd7+
Kxd7 15. Qa4+ Kd8 16. Qc6 Ra7 17. Na3 Qxf3 18. Nb5 Be7 19. Nxa7 Bh4 20. Qc2 d3
21. Qd1 Qxf2+ 22. Kh1 Qxa7 23. Rf1 Qxa6 24. Rxf7 Bf6 25. Rc1 c5 26. Qb3 Kc8 27.
Qe6+ Kb8 28. Qd5 Rc8 29. b3 Rc7 30. Rf8+ Rc8 31. Rf7 Rc7 32. Rf8+ Rc8 33. Rxc8+
Kxc8 34. a4 Kd8 35. Rd1 Bd4 36. Qc4 Qxc4 37. bxc4 Kc7 38. Rxd3 Kb6 39. Ra3 Ka5
40. Ra2 Bf6 41. Kg2 Bd8 42. Rd2 Be7 43. Ra2 Bd8 44. Kf3 Kb4 45. Ke2 h5 46. Kd3
g5 47. h3 Ka5 48. Rf2 g4 49. hxg4 hxg4 50. Rg2 Kxa4 51. Rxg4 Bf6 52. Rg8 Be5 53.
Rb8 Ka5 54. Rb5+ Ka4 55. Ke3 Bd4+ 56. Kf4 Bc3 57. Kf5 Bb4 58. Ke6 Kb3 59. Kd5 1-0